000 00230nam a22000857a 4500
008 160716b xxu||||| |||| 00| 0 eng d
100 _92952
_b Dickens, C
245 _aA Tale of Two Cities
260 _aNew Delhi
_bOrient Publication
_c2001
999 _c2516
_d2516